Roteiro das escolas com ensino secundário 2002-2003 (Registo nº 4269)
[ vista simples ]
| 000 -Etiqueta do registo | |
|---|---|
| Cabeçalho | 00776cam a2200241 4500 |
| 005 - Identificador da versão | |
| Campo de controlo | 20240813122056.0 |
| 010 ## - Número internacional normalizado dos livros (ISBN) | |
| Número (ISBN) | 9726143799 |
| 021 ## - Número do Depósito Legal | |
| Código do país | PT |
| Número | 195131/03 |
| 100 ## - Dados gerais de processamento | |
| Dados gerais de processamento | 20030617d2003 m a0pory5003 ba |
| 102 ## - Pais de publicação ou produção | |
| País de publicação | Portugal |
| 101 0# - Língua de publicação | |
| Língua do texto, banda sonora, etc. | Português |
| 106 ## - Campo de dados codificados: material textual | |
| Dados codificados do material textual | r |
| 105 ## - Campo de dados codificados: livros | |
| Dados codificados dos livros | a z 001yy |
| 215 ## - Descrição física | |
| Indicação específica da natureza do documento e extensão da espécie | 262, [1] p. a 2 colns |
| Outras indicações físicas | quadros |
| Dimensões | 24 cm |
| 200 1# - Titulo e menção de responsabilidade | |
| Título próprio | Roteiro das escolas com ensino secundário 2002-2003 |
| Primeira menção de responsabilidade | Ministério da Educação. Departamento de Avaliação Prospectiva e Planeamento |
| 205 ## - Menção da edição | |
| Menção da edição | 1ª ed |
| 210 ## - Publicação, Distribuição, etc. | |
| Lugar da edição, distribuição, etc. | Lisboa |
| Nome do editor, distribuidor, etc. | M.E.-D.A.P.P. |
| Data da publicação, distribuição, etc. | 2003 |
| 675 ## - Classificação Decimal Universal (CDU) | |
| Notação | 373.5(469)"2002/2003"(058) |
| 710 01 - Nome de colectividade-autor (responsabilidade principal) | |
| Número de registo de entrada de autoridade | 0000986 |
| Palavra de ordem | Portugal |
| Subdivisão | Ministério da Educação |
| -- | Departamento de Avaliação, Prospectiva e Planeamento |
| 942 ## - Elementos de entrada adicionados (Koha) | |
| Tipo de item no Koha | Livro |
| Situação do levantamento | Origin of item (home branch) (coded) | Biblioteca de empréstimo | Código de barras | Cota | Circulation type (not for loan) | Tipo de documento | Nota do exemplar | Damaged status |
|---|---|---|---|---|---|---|---|---|
| Biblioteca Escolar das Vendas | Biblioteca Escolar das Vendas | BEV1665 | 3PED MIN | Livro | Sem mensagem |
